| 000 | 01554na a2200397 4500 | ||
|---|---|---|---|
| 001 | 16974 | ||
| 003 | MIRAKIL | ||
| 005 | 20181213154830.0 | ||
| 008 | 161019b tu 000 0 | ||
| 035 | _a14748 | ||
| 040 |
_aMilas _btur _cTR-AnCHP |
||
| 041 | _atur | ||
| 082 |
_aCHP 365.6 _bD35h [2012?] |
||
| 090 | _aCHP 365.6 D35h [2012?] | ||
| 100 |
_aDemir, Nurettin _cCHP Muğla Milletvekili |
||
| 245 |
_a"Hasta mahpuslar" raporu _cNurettin Demir, Veli Ağbaba,Özgür Özel |
||
| 246 | _aHasta mahpuslar raporu | ||
| 260 |
_aAnkara _bCHP Cezaevleri İnceleme ve İzleme Komisyonu _c[2012?] |
||
| 300 |
_a100 s. _c28 sm. |
||
| 440 |
_aCHP Cezaevleri İnceleme ve İzleme Komisyonu _pRaporlar |
||
| 610 |
_aCHP _xTutuklu ve hükümlüler _yRaporlar _yAraştırma ve inceleme |
||
| 610 |
_aCHP _xHapishaneler _yRaporlar |
||
| 650 |
_aSiyasal hükümlüler _x21. yüzyıl _zTürkiye |
||
| 650 |
_aCezaevleri _x21. yüzyıl _yAraştırma ve inceleme _zTürkiye |
||
| 650 |
_aTutuklu ve hükümlüler _xSağlık göstergeleri _yRaporlar _zTürkiye |
||
| 650 |
_aCezaevleri _xHak ihlalleri _yRaporlar _zTürkiye |
||
| 657 |
_aHapishane standartları _xHak ihlali |
||
| 657 | _aHapishane koşulları | ||
| 657 | _aCHP Cezaevleri İnceleme ve İzleme Komisyonu raporları | ||
| 700 |
_aÖzel, Özgür _cManisa Milletvekili |
||
| 700 |
_aAğbaba, Veli _cMalatya Milletvekili |
||
| 710 |
_aCumhuriyet Halk Partisi _bCezaevleri İnceleme ve İzleme Komisyonu |
||
| 740 | _aHasta mahpuslar raporu | ||
| 830 | _aCHP yayınları | ||
| 942 |
_2ddc _cBKS |
||
| 999 |
_c1650 _d1650 |
||